| 000 | 00488nam a2200169Ia 4500 | ||
|---|---|---|---|
| 003 | OSt | ||
| 005 | 20201230094747.0 | ||
| 008 | 190216s9999||||xx |||||||||||||| ||und|| | ||
| 040 | _coclc | ||
| 082 |
_a894.8128 _bBEN/A |
||
| 100 |
_aBenjamin, Gracious _97104 |
||
| 245 | 0 |
_aAwardukalude Lokam / _cGracious Benjamin |
|
| 260 |
_bOrient Publishers, _aKozhikode: _c2004. |
||
| 300 | _a208p | ||
| 650 | _aGeneral | ||
| 942 |
_cBK _2ddc _h894.8128 _iBEN/A _k894.8128 _mBEN/A |
||
| 999 |
_c28864 _d28864 |
||